| 000 | 00544nam a22002057a 4500 | ||
|---|---|---|---|
| 003 | OSt | ||
| 005 | 20260601171018.0 | ||
| 008 | 260508b\\\\\\\\|||a||||\||||\00|\0\ita\d | ||
| 040 |
_aICI _bspa _cICI _erda |
||
| 041 | _aita | ||
| 050 |
_aNK1455.I8 _bD47 2001 |
||
| 100 |
_aRomeo Guaricci _eDiseñador _934324 |
||
| 245 | _adesign & made in italy | ||
| 300 | _a16 Páginas | ||
| 336 |
_2rdacontent _atexto |
||
| 337 |
_2rdamedia _asin medio |
||
| 338 |
_2rdacarrier _avolumen |
||
| 600 |
_aDiseño industrial _zItalia. _934325 |
||
| 942 |
_2lcc _cB _n1 |
||
| 999 |
_c20788 _d20788 |
||